| 000 | 00622nam a22002177a 4500 | ||
|---|---|---|---|
| 003 | OSt | ||
| 005 | 20170117180744.0 | ||
| 008 | 150417b xxu||||| |||| 00| 0 eng d | ||
| 020 | _a9780470675076 | ||
| 040 | _cDNLM | ||
| 082 | _aWM220 L687a 2009 | ||
| 100 |
_aDavid, Anthony S. ;[et...al] _93919 |
||
| 245 |
_aLishman's Organic Psychiatry: _ba textbook of neuropsychiatry |
||
| 250 | _a4th ed. | ||
| 260 |
_aChichester; _bWiley-Blackwell, _c2006 |
||
| 300 |
_axii,933p; _bcol.ill: _c28cm |
||
| 504 | _aReferences & index included | ||
| 650 |
_aPsychiatry _9351 |
||
| 650 |
_aNeuropsychiatry _93920 |
||
| 942 |
_2z _cO_SHELF |
||
| 999 |
_c1486 _d1486 |
||